000 00780nam a2200253Ia 4500
003 OSt
005 20201005162717.0
008 191128s1992 ar ao gr 000 0 spa d
020 _a9501108996
040 _aCO-JMCR
_cCO-JMCR
041 0 _aspa
082 0 4 _a636.0887 /
_bM395m
_223
245 0 0 _aMascotas /
_ctraducción de Olga Colella
260 _a Buenos Aires :
_bSigmar,
_c1992.
300 _a19 páginas :
_bfotografías a color ;
_c22 cm.
490 0 _aAbre tus ojos
520 0 _aPresenta una variedad de mascotas, incluidos perros, gatos, peces dorados y hámsters
534 _poye Openers - pets
650 2 4 _aMascotas
_911261
650 2 4 _aLiteratura juvenil
_97569
650 2 4 _aMascotas
_911262
650 2 4 _aAnimales domésticos
_911259
942 _2ddc
_cBK
999 _c4577
_d4577